000 00379nam a2200145Ia 4500
005 20240912121314.0
008 240806s9999||||xx |||||||||||||| ||eng||
041 _aeng
100 _aSantosh Kumar Tiwari
245 0 _aChayavadi kavya ki pragatisheel chetna /
_cSantosh Kumar Tiwari
260 _bBharateey Granth Niketan Delhi
300 _a0
650 _aHindi
942 _cBK
999 _c20981
_d20981